[Event "Gibraltar Challengers B 2020"]
[Site "Caleta"]
[Date "2020.01.25"]
[Round "1.10"]
[White "Boardman, Jeffrey"]
[Black "Tejaswini, Sagar"]
[Result "1/2-1/2"]
[WhiteElo "1972"]
[BlackElo "2180"]
[Annotator "TA"]
[PlyCount "69"]
[EventDate "2020.01.20"]
[EventType "swiss"]
[EventCountry "GGB"]
[SourceTitle "playchess.com"]
[Source "ChessBase"]
[SourceQuality "1"]

{[%evp 9,69,-5,12,13,5,9,10,10,10,0,4,-7,0,0,10,8,5,0,24,16,26,0,12,11,8,13,51,11,36,20,22,0,-1,0,0,0,0,-52,-54,-103,-50,-77,-40,-47,-30,-21,-35,-37,-18,-18,-7,-18,0,-12,-6,-14,-6,-10,-20,-12,0,0]} 1. b3 e5 2. Bb2 Nc6 3. e3 Nf6 4. Bb5 Bd6 5. Na3 Na5 6. Be2 {A01: Nimzowitsch-Larsen Opening} a6 7. Nf3 Qe7 8. Nb1 O-O 9. d4 exd4 10. Nxd4 Be5 11. Nc3 d6 $146 ({Predecessor:} 11... Nc6 12. O-O d6 {0-1 (57) Jobava,B (2711)-Karjakin,S (2775) Beijing 2012}) 12. Nf3 Nc6 13. O-O Re8 14. Nxe5 dxe5 15. e4 Nd4 16. Nd5 Nxd5 17. exd5 Qc5 18. c4 c6 19. Bxd4 exd4 20. dxc6 bxc6 21. Bf3 a5 22. Qd2 Bf5 23. Qg5 (23. Rfe1 $11) 23... h6 $15 24. Qf4 Bg6 (24... Bc2 $17) 25. Rfe1 d3 26. g3 Rad8 {White must now prevent ...Rxe1+.} 27. Rxe8+ Rxe8 28. Rd1 Qb4 {[#] Hoping for ...Re1+.} (28... Re6 {seems wilder.} 29. Kg2 a4 30. h4 h5 31. Rb1 Kh7) 29. Qd2 {The position is equal.} Qxd2 30. Rxd2 $11 {KRB-KRB} Re1+ 31. Kg2 Rc1 32. Bxc6 Rc2 33. Rd1 Rxa2 34. Kf3 Rb2 35. Be4 {Accuracy: White = 54%, Black = 46%.} 1/2-1/2

[Event "Gibraltar Challengers B 2020"]
[Site "Caleta"]
[Date "2020.01.25"]
[Round "1.11"]
[White "Ask, Josef"]
[Black "Manukonda Arun"]
[Result "1-0"]
[WhiteElo "2174"]
[BlackElo "1959"]
[Annotator "TA"]
[PlyCount "79"]
[EventDate "2020.01.20"]
[EventType "swiss"]
[EventCountry "GGB"]
[SourceTitle "playchess.com"]
[Source "ChessBase"]
[SourceQuality "1"]

{[%evp 9,79,-56,-14,-29,-16,-2,0,-14,-6,-17,-6,-13,-8,-4,0,0,0,0,27,0,20,17,80,56,111,79,87,88,110,82,106,98,101,67,123,113,100,129,115,115,121,76,79,35,127,91,81,77,185,185,432,431,820,818,1130,763,2397,2277,2291,1982,29996,1646,29988,29989,29991,29992,29992,29992,29992,29993,29997,29998]} 1. b3 e5 2. Bb2 Nc6 3. g3 Nf6 4. Bg2 d5 5. d3 (5. e3 Be7 6. d3 Be6 7. Ne2 O-O 8. Nd2 a5 9. a3 Qd7 10. h3 d4 11. e4 g6 12. f4 exf4 13. gxf4 {½-½ (42) Kamsky,G (2762)-Grischuk,A (2764) Beijing 2012}) 5... Bg4 6. h3 {A01: Nimzowitsch-Larsen Opening} Bh5 7. Nd2 Be7 8. a3 {The position is equal.} O-O 9. c4 $146 ({Predecessor:} 9. b4 a6 10. c4 Qd7 11. cxd5 Nxd5 12. Ngf3 {0-1 (39) Dauletova,G (2226)-Cifka,S (2420) Pardubice 2010}) 9... a5 10. cxd5 Nxd5 11. Ngf3 Re8 12. O-O Bf8 13. Rc1 Nd4 14. e3 Nc6 15. Qc2 f5 (15... f6 $11) 16. Rfe1 Bf7 ({Black should play} 16... Nb6 $14) 17. e4 fxe4 18. Rxe4 Nf6 19. Re3 Nd5 20. Ree1 Bd6 21. Ne4 {Strongly threatening Neg5.} Kh8 (21... Nd4 $14 22. Nxd4 exd4) 22. Nc5 $16 Bxc5 23. Qxc5 Qd6 24. Ng5 Bg8 25. Ne4 Qg6 26. Qb5 Ra6 (26... Nd4 $1 $14 27. Bxd4 exd4) 27. Nc5 Rb6 28. Qa4 $1 $36 {[%mdl 2048] White has strong initiative.} Rf8 (28... Nf6 $16) 29. Nd7 $18 Rf4 $2 (29... Rxf2 {is a better defense.} 30. Kxf2 Qf7+ 31. Kg1 Qxd7 32. Bxe5 Nxe5) 30. gxf4 Rb4 (30... Nxf4 $142 31. Qe4 Rxb3 32. Qxg6 hxg6) 31. Rxc6 bxc6 32. Nxe5 Qf5 33. axb4 Nxf4 34. Qxc6 Qg5 {[#]} 35. Re3 (35. Nf7+ $142 $1 Bxf7 {[#]} 36. Re8+ $1 {[%mdl 512]} Bg8 37. Rxg8+ $1 {[%mdl 576] Back Rank, Clearance} Kxg8 38. Qe8#) 35... h5 36. Kh2 {White mates.} h4 37. Be4 axb4 38. Ng6+ Nxg6 39. Qxg6 {[%csl Gg6][%cal Rb2g7]} Qf4+ 40. Kg2 {Accuracy: White = 69%, Black = 25%.} 1-0

[Event "Gibraltar Challengers B 2020"]
[Site "Caleta"]
[Date "2020.01.25"]
[Round "1.12"]
[White "Perez Ruiz, Santiago"]
[Black "Zulkipli, Zaidan"]
[Result "0-1"]
[WhiteElo "1953"]
[BlackElo "2174"]
[Annotator "TA"]
[PlyCount "88"]
[EventDate "2020.01.20"]
[EventType "swiss"]
[EventCountry "GGB"]
[SourceTitle "playchess.com"]
[Source "ChessBase"]
[SourceQuality "1"]

{[%evp 14,89,12,10,62,28,34,28,28,27,44,45,72,55,68,68,60,43,141,138,128,118,107,89,87,36,93,95,99,99,105,25,93,83,83,28,27,20,33,28,77,62,64,64,67,10,109,110,110,110,109,108,166,0,0,-239,0,0,0,0,0,0,0,-238,-219,-314,-314,-296,-291,-422,-409,-382,-302,-508,-506,-896,-892,-29999]} 1. d4 Nf6 2. Nf3 e6 3. c4 b6 4. Nc3 Bb4 5. Qc2 Bb7 6. Bg5 h6 7. Bh4 g5 8. Bg3 Na6 $146 {E13: Queen's Indian/Nimzo-Indian hybrid: 4 Nc3 Bb7 5 Bg5 h6 6 Bh4 Bb4} (8... Ne4 $11) ({Predecessor:} 8... Ne4 9. e3 Bxc3+ 10. bxc3 d6 11. Bd3 f5 12. d5 Qf6 13. Bxe4 fxe4 14. Qxe4 Qxc3+ 15. Ke2 Qb2+ 16. Nd2 Qf6 17. h4 g4 18. h5 Nd7 19. Bh4 Qf5 20. Qxf5 exf5 {0-1 (34) Tang,A (2513)-Nakamura,H (2781) chess.com INT 2018}) 9. a3 Bxc3+ $1 10. Qxc3 Ne4 {White has an edge.} 11. Qc2 d6 12. e3 Qd7 13. Bd3 f5 14. b4 Nb8 15. Rd1 Qg7 (15... O-O $14) 16. d5 $1 $16 e5 17. Bxe4 fxe4 18. Qxe4 O-O 19. c5 (19. Nd2 $16) 19... Nd7 (19... bxc5 $14 20. bxc5 Na6) 20. c6 Nf6 21. Qc4 Bc8 22. h4 (22. Nd2 $16) 22... Re8 (22... Bf5 $11) 23. hxg5 hxg5 24. Qc2 (24. e4 $16) 24... Bg4 $11 25. Rd2 a5 {White must now prevent ...axb4.} 26. b5 Re7 27. Nh2 $36 {[%mdl 2048] White has good play.} Bh5 28. e4 $1 Rf8 29. f3 (29. Nf1 $14) 29... Kf7 (29... g4 $11) 30. Bf2 g4 31. Bh4 {And now fxg4 would win.} Ke8 {[#]} 32. fxg4 $1 Bxg4 (32... Bg6 $16 {is a better defense.}) 33. Rf1 $2 ({Better is} 33. Rf2 $18 Ref7 34. O-O) 33... Ref7 {aiming for ...Qh6.} 34. Rdf2 $2 (34. Bxf6 $11 {and White is okay.} Rxf6 35. Rdf2 Rxf2 36. Rxf2) 34... Bh5 $2 ({Black should play} 34... Qh6 $19 35. Bxf6 Qe3+ {[%mdl 64] Double Attack} 36. Re2 Bxe2 37. Qxe2 Qc3+ 38. Qd2 Qxd2+ 39. Kxd2 Rxf6 40. Rxf6 Rxf6) 35. Rxf6 Rxf6 36. Rxf6 Rxf6 37. Bxf6 Qxf6 38. Qf2 $2 (38. g3 $11 {and White stays safe.}) 38... Qg5 $19 {[%cal Rg5c1]} 39. Nf3 (39. Kf1 {keeps fighting.} Qc1+ 40. Qe1 Qxa3 41. Qd2 Qa1+ 42. Qe1) 39... Qc1+ {[%mdl 64] Double Attack} 40. Ke2 {[#]} Qc4+ $1 ({And not} 40... Qxa3 41. Qh4 $11) 41. Ke1 (41. Kd2 {was worth a try.} Qxe4 42. Qh4 Qxh4 43. Nxh4) 41... Qxe4+ 42. Kf1 Qxd5 43. Kg1 $2 (43. Qe2) 43... Bxf3 44. Qh4 {[#]} (44. gxf3 $142 Qxb5 45. Qh4 Qxc6 46. Qh8+ Kd7 47. Qh3+ Kd8 48. Qh8+ Qe8 49. Qh4+ Kd7 50. Qc4) 44... Be4 {Played: Qd5-g8} 0-1

[Event "Gibraltar Challengers B 2020"]
[Site "Caleta"]
[Date "2020.01.25"]
[Round "1.13"]
[White "Mihajlov, Svetoslav"]
[Black "Fabregas, Oliver"]
[Result "1-0"]
[WhiteElo "2173"]
[BlackElo "1951"]
[Annotator "TA"]
[PlyCount "73"]
[EventDate "2020.01.20"]
[EventType "swiss"]
[EventCountry "GGB"]
[SourceTitle "playchess.com"]
[Source "ChessBase"]
[SourceQuality "1"]

{[%evp 17,77,2,10,-4,10,9,18,18,17,4,17,12,20,16,16,8,31,30,89,83,95,75,83,97,150,146,167,120,133,137,135,116,119,113,211,227,257,254,253,245,266,266,294,246,362,356,335,281,412,367,559,484,607,604,609,602,1651,597,595,594,589,581]} 1. d4 Nf6 2. c4 e6 3. Nf3 Bb4+ 4. Nbd2 b6 5. e3 Bb7 6. Be2 O-O 7. O-O d5 8. a3 Be7 9. b3 Nbd7 10. cxd5 $146 {E11: Bogo-Indian} ({Predecessor:} 10. Bb2 c5 11. Rc1 Rc8 12. dxc5 Nxc5 13. b4 Nce4 14. Nxe4 Nxe4 15. Qb3 Bf6 16. Rfd1 Qe7 17. Nd4 Rfd8 {0-1 (27) Weise,W (1915)-Mendes,R (2020) Joinville 2017}) 10... Nxd5 11. Bb2 c5 12. Rc1 {The position is equal.} Rc8 13. dxc5 Rxc5 14. Rxc5 Nxc5 15. b4 {[%cal Bb3b4,Bb4a5,Ba5a6][%mdl 32]} Nd7 16. Qa4 a5 {[%cal Ra5b4]} 17. bxa5 Nc5 {[#]} (17... bxa5 $11 {keeps the balance.} 18. Rc1 Nc5) 18. Qg4 $1 $16 {[%csl Gb2][%cal Rg4g7]} Nf6 {[#]} 19. Bxf6 $1 Bxf6 20. Qb4 $36 {[%mdl 2048] White is really pushing.} Nd7 (20... Be7 $142) 21. a6 Ba8 22. Nc4 Be7 23. Qb2 Qc7 24. Nd4 Bd5 25. Nd2 Rc8 {[#]} (25... Nc5 $16 {keeps fighting.}) 26. Nb5 $1 $18 {[%cal Rb5c7]} Qb8 27. Bf3 Qa8 28. a7 h6 29. Rc1 Nc5 30. Qe5 {Bxd5 is the strong threat.} Bf6 (30... Bxf3 $142 31. Nxf3 Bf6) 31. Bxd5 exd5 32. Qd6 Kh7 (32... Qb7 {was necessary.} 33. Nf3 Be7) 33. h3 Bd8 (33... Qb7 {was called for.} 34. Nf3 Be7) 34. Nf3 {White is clearly winning.} Qb7 35. Rd1 Ra8 36. Qxd5 Qc8 37. Nd6 {Played: Qd5xd8} 1-0

[Event "Gibraltar Challengers B 2020"]
[Site "Caleta"]
[Date "2020.01.25"]
[Round "1.14"]
[White "Mao, Yingzhou"]
[Black "Hristodorescu, Daniel"]
[Result "0-1"]
[WhiteElo "1948"]
[BlackElo "2172"]
[Annotator "TA"]
[PlyCount "110"]
[EventDate "2020.01.20"]
[EventType "swiss"]
[EventCountry "GGB"]
[SourceTitle "playchess.com"]
[Source "ChessBase"]
[SourceQuality "1"]

{[%evp 14,122,45,16,55,56,64,59,69,55,68,37,54,58,80,75,78,77,91,62,102,68,87,98,99,90,95,100,104,91,117,65,67,76,83,18,20,24,32,16,50,24,20,21,37,43,43,24,23,18,12,24,24,36,216,39,176,148,129,74,92,-170,127,-158,51,39,66,47,130,142,135,116,108,108,118,127,366,89,69,-89,-79,-129,-126,-122,-49,-117,-121,-414,-415,-496,-386,-477,-437,-667,-656,-651,-633,-5339,-5239,-4960,-4943,-1968,-1466,-2203,-1089,-806,-712,-1093,-1052,-4134,-665]} 1. d4 Nf6 2. Nf3 g6 3. g3 Bg7 4. Bg2 O-O 5. O-O c6 6. c4 d6 7. Nc3 Bf5 8. Ne1 Qc8 {E62: King's Indian: Fianchetto: 6...c6 and Panno Variation (6...Nc6) without ...a6} (8... Be6 9. b3 d5 10. Nd3 dxc4 11. Nf4 Qc8 12. Ba3 Re8 13. Nxe6 Qxe6 14. Rb1 Na6 15. d5 cxd5 16. bxc4 d4 17. Qxd4 {½-½ (52) Howell,D (2689)-Naiditsch,A (2721) Porto Carras 2018}) 9. e4 Bg4 10. f3 Bd7 $146 {White is slightly better.} ({Predecessor:} 10... Be6 11. d5 Bd7 12. Be3 cxd5 13. cxd5 b5 14. Rc1 Qb7 15. Nd3 b4 16. Ne2 {1-0 (40) Korpa,B (2502)-Hristodorescu,D (2241) Karlsruhe 2018}) 11. a4 a5 12. Nd3 Na6 13. Bg5 h6 14. Be3 Nb4 15. Qd2 Kh7 16. g4 Ng8 17. Rae1 f5 18. exf5 gxf5 19. h3 e5 20. dxe5 dxe5 21. Bc5 Re8 22. Nd1 (22. f4 $16) 22... Nxd3 $14 23. Qxd3 Kh8 24. Ne3 (24. b3 $16) 24... f4 $11 25. Nd1 b5 26. Nf2 Be6 27. b3 ({Not} 27. axb5 $2 cxb5 28. Ne4 Bxc4 $17) 27... bxc4 28. bxc4 Qa6 29. Rc1 $36 {[%mdl 2048] White fights for an advantage.} Rad8 30. Qc2 Nf6 31. h4 Bg8 32. g5 Nd7 33. Bd6 Nb6 $2 (33... Nf8 $14 34. gxh6 Rxd6 35. hxg7+ Kxg7) 34. c5 $2 (34. gxh6 $18 Bxh6 35. Qg6) 34... Nc4 (34... Bh7 $1 $14 35. g6 Bg8) 35. gxh6 Bxh6 36. Qe2 (36. Qd3 $142) 36... Bd5 37. Ng4 $2 {[%mdl 8192]} (37. Rfd1 $16 {stays on course.}) 37... Bg7 $2 (37... Qa7 $1 $19 38. Rxc4 Rxd6) 38. h5 $2 {[%mdl 8192]} (38. Rf2 $1 $16) 38... Rxd6 $2 ({Black should play} 38... Qa7 $17 39. Qf2 Nxd6 40. cxd6 Qxf2+ 41. Rxf2 Rxd6) 39. cxd6 $14 Qa7+ 40. Qf2 Qxf2+ (40... Ne3 $14) 41. Rxf2 $16 Nxd6 42. h6 Bf8 43. Nf6 {Hoping for Rd2.} Rd8 44. Rd2 $1 {[%cal Rd2d5]} Nb7 $2 {[#]} (44... Nf7 $16 45. Nxd5 cxd5) 45. Rcd1 $2 (45. Rxd5 $1 $18 {[%mdl 512] and the rest is easy.} Rxd5 (45... cxd5 46. Rc7) 46. Nxd5 Bc5+ 47. Kh2 cxd5 48. Bf1) 45... Bb4 46. Rd3 $2 ({Weaker is} 46. Rxd5 cxd5 47. Rxd5 Rxd5 $17) (46. Re2 $14 {keeps the upper hand.}) 46... Nc5 $1 $17 {[%csl LRa4,LRd3][%mdl 64] Double Attack} 47. Bh3 {[%cal Rf6d5]} Nxd3 48. Rxd3 Bc5+ ({Better is} 48... Rd6 $17 49. Nxd5 cxd5) 49. Kh2 (49. Kg2 $15) 49... Bd4 50. Bd7 $2 {[%mdl 8192]} (50. Nxd5 $17 {only move.} cxd5 51. Rb3) 50... Bc4 51. Rd2 Bb3 52. h7 c5 {Black is clearly winning.} 53. Re2 {[#]} (53. Rg2 $142 e4 54. Rg8+ Bxg8 55. hxg8=Q+ Rxg8 56. Nxe4) 53... e4 $1 $19 {[%mdl 512]} 54. Rxe4 Bxf6 55. Bf5 c4 {Played: Bb3-c2} 0-1

[Event "Gibraltar Challengers B 2020"]
[Site "Caleta"]
[Date "2020.01.25"]
[Round "1.15"]
[White "Sanchez Jerez, Emilio Miguel"]
[Black "Maldonado Mena, German"]
[Result "1-0"]
[WhiteElo "2168"]
[BlackElo "1946"]
[Annotator "TA"]
[PlyCount "63"]
[EventDate "2020.01.20"]
[EventType "swiss"]
[EventCountry "GGB"]
[SourceTitle "playchess.com"]
[Source "ChessBase"]
[SourceQuality "1"]

{[%evp 9,84,23,35,33,92,83,112,76,112,120,149,138,149,39,35,-79,-91,-166,-156,-181,-136,-142,-112,-106,-111,-123,-109,-134,-127,-410,-109,-112,-106,-108,0,0,0,0,89,89,89,89,101,101,94,95,91,0,0,0,437,133,149,156,733,731,731,731,731,730,695,666,603,572,584,577,896,886,852,837,749,683,12807,5617,12843,12847,29988]} 1. b4 d5 2. Bb2 Qd6 3. a3 a5 (3... e5 4. e3 Be6 5. Nf3 Nd7 6. Ng5 Bf5 7. c4 f6 8. Nf3 c6 9. d4 e4 10. Nfd2 Qe6 11. Nc3 Bd6 12. Qb3 Ne7 13. a4 {½-½ (21) Kasparov,S (2492)-Mohr,G (2511) Graz 2010}) 4. b5 a4 5. e3 Nd7 $146 {[%cal Bb8d7,Bd7c5,Bc5b3,Bb3a1][%mdl 32]} ({Predecessor:} 5... Bd7 6. c4 dxc4 7. Bxc4 c6 8. Nc3 cxb5 9. Nxb5 Bxb5 10. Bxb5+ Nc6 11. Bxa4 {1-0 (25) Kuhn,H (1678)-Schwabe,M (1675) Voelklingen 2000}) 6. Nf3 {A00: Irregular Openings} c6 (6... Ngf6 $14) 7. c4 Nc5 8. Be5 {White is better.} Qe6 9. cxd5 cxd5 10. Nc3 Nf6 {[#]} 11. d4 ({White should play} 11. b6 $1 $16 {[%mdl 512]}) 11... Nb3 $14 12. b6 (12. Rb1 $14) 12... Qxb6 $17 (12... Nxa1 $6 13. Nb5 $14) 13. Bb5+ (13. Nb5 $17 {was worth a try.} Qa5+ 14. Nd2) 13... Bd7 $19 14. Bxd7+ Kxd7 15. O-O {Threatens to win with Rb1.} Qa5 ({Don't take} 15... Nxa1 16. Qxa1 e6 17. Rb1 $17) 16. Nxa4 Nxa1 ({And not} 16... Qxa4 17. Rb1 $16) 17. Nc5+ Ke8 {aiming for ...b6.} 18. Qxa1 b6 19. Rc1 $2 {[%mdl 8192]} (19. Nb3 $17 Qa4 20. Qc3) 19... Qxa3 $2 (19... bxc5 $19 {is more deadly.} 20. Rxc5 Qa6) 20. Qb1 $17 {White threatens Qb5+ and mate.} bxc5 21. dxc5 Nd7 ({Better is} 21... Qa6 $17 22. c6 e6) 22. c6 $1 $11 {[%cal Rc6d7]} Nxe5 23. Nxe5 $40 {[%mdl 128] Intending c7 and mate. White attacks.} f6 (23... e6 $11 {remains equal.} 24. c7 Bc5) 24. c7 $16 {[%cal Rb1b5]} fxe5 ({Weaker is} 24... Qa6 25. Qb8+ Rxb8 26. cxb8=Q+ Qc8 27. Rxc8#) 25. c8=Q+ Rxc8 26. Rxc8+ Kd7 27. Qb7+ {[%mdl 1024] White has strong compensation.} Ke6 {( -> ...Qa1+)} 28. Qc6+ (28. Rc6+ $1 $16 Kf7 29. Qc8 $1 {[%mdl 512]}) 28... Kf5 $1 $11 {[#] ...Qa1+ is the strong threat.} 29. g4+ $1 {[%mdl 512]} Ke4 $2 {[%mdl 8192]} (29... Kxg4 $11 {and Black is okay.} 30. Qxd5 Qa1+ 31. Kg2 Kg5) 30. Qe6 $2 (30. Kg2 $18 {Threatening mate with Qc2+.} Qb3 {[#]} 31. Rb8 $1 {[%mdl 512]}) 30... g6 $16 {Hoping for ...Bg7.} 31. Kg2 {White wants to mate with Rc4+!} Qb2 $2 {[#]} (31... Qa2 $16) 32. Rc5 {Played: Rc8-c4} 1-0

[Event "Gibraltar Challengers B 2020"]
[Site "Caleta"]
[Date "2020.01.25"]
[Round "1.16"]
[White "Garcia Rodriguez, Inaki"]
[Black "Nebel, Jens"]
[Result "0-1"]
[WhiteElo "1944"]
[BlackElo "2168"]
[Annotator "TA"]
[PlyCount "72"]
[EventDate "2020.01.20"]
[EventType "swiss"]
[EventCountry "GGB"]
[SourceTitle "playchess.com"]
[Source "ChessBase"]
[SourceQuality "1"]

{[%evp 9,72,51,58,53,91,-18,-7,-42,-33,-44,-45,-50,-24,-59,19,-64,-76,-68,0,0,0,-158,-156,-154,-142,-157,-138,-256,-254,-255,-237,-246,-233,-175,-96,-89,57,-157,-164,-149,-156,-143,-168,-245,-259,-256,-256,-337,-327,-301,-295,-303,-222,-387,-361,-356,-227,-314,-314,-307,-306,-438,-450,-450,0]} 1. d4 f5 2. Bg5 h6 3. Bh4 g5 4. Bg3 Bg7 5. e3 Nf6 6. Nc3 {A80: Dutch Defence: Unusual White second moves} c5 (6... d6 7. h4 g4 8. Bc4 Nc6 9. h5 e5 10. Nge2 Na5 11. Bd3 e4 12. Bb5+ c6 13. Ba4 O-O {0-1 (54) Bluebaum,M (2644)-Pogosyan,S (2459) Moscow 2019}) 7. d5 $146 (7. h4 $16) ({Predecessor:} 7. Nb5 O-O 8. Bc7 Qe8 9. dxc5 Na6 10. Bc4+ Kh8 11. h4 g4 12. Be5 d6 13. cxd6 Qc6 14. dxe7 {1-0 (67) Leon,J (2269)-Aguinaga,M (2166) Buenos Aires 2018}) 7... d6 8. h4 {The position is equal.} Qa5 9. Qd2 Nh5 10. Bh2 Na6 11. Bb5+ Kd8 (11... Kf8 $15) 12. Be2 ({Better is} 12. hxg5 $11 hxg5 13. Nf3) 12... g4 $15 13. Bxa6 bxa6 (13... Qxa6 $15 14. a4 Bd7) 14. Nge2 $11 Rb8 15. O-O $2 (15. Rb1 $11) 15... Rxb2 $17 16. Rab1 Rb4 17. Qd3 Rf8 18. Rxb4 (18. a3 $17 Rb6 19. Na2) 18... cxb4 $19 19. Nb1 Qxa2 20. Nd2 Qa5 21. Rb1 Bb7 (21... Bd7 $19 22. Qb3 Bb5) 22. c4 $17 bxc3 (22... Qb6 $17 23. Nd4 Bxd4 24. exd4 f4) 23. Nxc3 $2 (23. Rxb7 $14 {was the only good move.} cxd2 24. Qc2) 23... Qxc3 ({Inferior is} 23... Bxc3 24. Rxb7 Bxd2 25. Rb8+ Kc7 26. Rxf8 $14) 24. Qxc3 Bxc3 25. Rxb7 {White wants to play Rb8+.} Kc8 26. Rxa7 (26. Rxe7 $142 Bxd2 27. Bxd6) 26... Kb8 $19 27. Rxe7 g3 $1 {[%cal Rg3h2]} ({Stronger than} 27... Bxd2 28. Bxd6+ Ka8 29. Rh7 $15) 28. fxg3 {[#] Strongly threatening g4!} Bxd2 29. g4 fxg4 30. Bxd6+ Ka8 31. Bc5 $2 (31. Re5 Rd8 32. Bc5) 31... Rc8 32. Bd4 Be1 33. Ra7+ Kb8 {[#] White must now prevent ...Rc1.} 34. Rxa6 Rc1 {[%cal Re1g3]} 35. Kf1 (35. g3 {was necessary.}) 35... Ng3+ 36. Kg1 Nh5 $2 {[%mdl 32768] Accuracy: White = 28%, Black = 42%. . Loss on time!?} (36... Ne2+ $19 37. Kf1 Nxd4 38. exd4 Bxh4+ 39. Ke2 Bg5) 0-1

[Event "Gibraltar Challengers B 2020"]
[Site "Caleta"]
[Date "2020.01.25"]
[Round "1.17"]
[White "De Abreu, Roberto N"]
[Black "Adewole, Adeyinka"]
[Result "1-0"]
[WhiteElo "2154"]
[BlackElo "1941"]
[Annotator "TA"]
[PlyCount "47"]
[EventDate "2020.01.20"]
[EventType "swiss"]
[EventCountry "GGB"]
[SourceTitle "playchess.com"]
[Source "ChessBase"]
[SourceQuality "1"]

{[%evp 9,91,31,92,79,83,72,127,110,161,156,128,98,177,169,158,131,191,195,220,183,357,358,346,355,347,333,340,340,642,643,642,643,789,607,933,935,864,579,1034,1006,29980,1382,1390,465,453,470,404,406,402,397,941,937,907,650,818,901,811,744,920,653,641,642,833,827,657,601,784,772,1467,1426,1401,1222,3783,4786,1797,1825,5114,5627,29970,29972,29978,29979,29979,29976]} 1. d4 e6 2. c4 f5 3. g3 Nf6 4. Bg2 d5 5. Nf3 c5 ({Better is} 5... Bd6 $14) (5... Bd6 6. Bf4 Bxf4 7. gxf4 O-O 8. Nc3 c6 9. e3 b6 10. Ne5 Bb7 11. Rc1 Nbd7 12. Qa4 Nxe5 13. fxe5 Ne4 14. cxd5 cxd5 15. Ne2 Rc8 16. Rxc8 Qxc8 17. f3 {1-0 (39) Ding,L (2801)-Carlsen,M (2870) Kolkata 2019}) 6. cxd5 $16 {A90: Dutch Defence: Miscellaneous and Modern Stonewall (with ...Bd6)} exd5 7. Nc3 c4 $146 (7... Nc6 $142) ({Predecessor:} 7... Nc6 8. O-O c4 9. Bg5 Be6 10. Ne5 Qa5 11. Bxf6 gxf6 12. Nf3 b5 {½-½ (23) Christiani,J-Kissel,P Deidesheim 2000}) 8. Bg5 {White is better.} Be7 (8... Bb4 $16 {was called for.}) 9. Ne5 Be6 10. Qa4+ Kf8 (10... Nbd7 $16) 11. b3 $18 Qb6 12. Rd1 {[%cal Rb3c4]} Bb4 (12... Qb4 $16 {was necessary.}) 13. Bd2 Na6 14. O-O {Black must now prevent Nxd5!} cxb3 $2 {[#]} (14... Qxd4 15. Nxc4 dxc4) 15. Nxd5 $1 {[%mdl 512]} Bxd5 16. Bxd5 Bxd2 17. Nd7+ ({Much less strong is} 17. Rxd2 Qb4 $18) 17... Nxd7 18. Qxd7 {[%csl Gd5][%cal Rd7f7][%mdl 64] Double Attack} Qc7 $2 (18... Qf6 19. Rxd2 Rd8 20. Qxb7 {[%mdl 64] Double Attack} Qe7 21. Qxb3 g6) 19. Qxf5+ Ke8 20. Rxd2 bxa2 21. Rc2 Qd7 22. Be6 Qe7 23. Rxa2 Nb4 24. Ra4 {Played: Ra2-a3} 1-0

[Event "Gibraltar Challengers B 2020"]
[Site "Caleta"]
[Date "2020.01.25"]
[Round "1.18"]
[White "Pakmor, Claus"]
[Black "Godoy Olazabal, Artur"]
[Result "1-0"]
[WhiteElo "1937"]
[BlackElo "2154"]
[Annotator "TA"]
[PlyCount "59"]
[EventDate "2020.01.20"]
[EventType "swiss"]
[EventCountry "GGB"]
[SourceTitle "playchess.com"]
[Source "ChessBase"]
[SourceQuality "1"]

{[%evp 10,59,-2,-27,-20,-16,-22,-88,-70,-67,-81,-113,-35,-31,-19,-19,-3,-29,-18,-27,0,-11,76,27,20,20,55,52,54,52,46,53,130,115,114,124,246,16,286,284,283,284,408,382,495,456,1129,1116,1074,1031,29980,29978]} 1. e4 c5 2. Nf3 Nf6 3. e5 Nd5 4. c4 Nc7 5. d4 cxd4 6. Nxd4 g6 {B29: Sicilian: 2 Nf3 Nf6 (Nimzowitsch Variation)} (6... d6 7. Bf4 dxe5 8. Bxe5 f6 9. Bxc7 Qxc7 10. Nc3 e6 11. Qe2 Bb4 12. Nxe6 Bxc3+ 13. bxc3 Bxe6 14. Qxe6+ {½-½ (44) Bodnaruk,A (2465)-Lintchevski,D (2527) St Petersburg 2016}) 7. g3 $146 ({Predecessor:} 7. Bd3 Bg7 8. Nf3 Nc6 9. Qe2 d6 10. exd6 Qxd6 11. Nbd2 Ne6 12. Ne4 Qb4+ 13. Bd2 Qxb2 14. Rb1 Qxa2 {0-1 (71) Hojjatova,A (2339)-Gaponenko,I (2416) Baku 2016}) 7... Bg7 8. Qe2 (8. Nf3 $11) 8... Nc6 $17 {Black is better.} 9. Nxc6 dxc6 10. Bg2 Qd4 ({Better is} 10... Bf5 $17 11. Be4 Ne6) 11. f4 $1 $15 Be6 12. Na3 $1 Qc5 13. Be3 Qb4+ 14. Qd2 $1 {[%cal Rd2b4]} a5 15. O-O O-O (15... Qxd2 $11 {remains equal.} 16. Bxd2 f6) 16. Qe2 (16. Qf2 $5 {[%cal Re3c5]} Rfd8 17. b3 $16) 16... Rad8 17. g4 f5 18. g5 h6 {[#] ...hxg5 is the strong threat.} 19. h4 hxg5 20. hxg5 Na8 ({Black should try} 20... Rd7 $14) 21. Rac1 Nb6 22. Qf2 Na4 {[#]} (22... Nd7 $16) 23. Rc2 $2 (23. Rb1 $1 $18) 23... b5 $2 {[%mdl 8192]} (23... Nxb2 $1 $11 {and Black stays safe.} 24. Rxb2 Qxa3) 24. Bd2 Rxd2 25. Qxd2 ({Resist} 25. Rxd2 $6 bxc4 26. Nc2 (26. Bxc6 Nxb2 27. Nc2 Qc3 $18) 26... Qb7 $18) 25... Nxb2 (25... Qc5+ {was worth a try.} 26. Qf2 b4) 26. cxb5 $18 ({Don't play} 26. Rxb2 Qxa3 27. cxb5 cxb5 $18) 26... Na4 27. Qe3 {Strongly threatening Rb1.} cxb5 (27... c5 $142 28. Rb1 Qd4 29. Qxd4 cxd4) 28. Rb1 Nb2 29. Rbxb2 Qxa3 30. Qxa3 {Accuracy: White = 51%, Black = 33%.} 1-0